Anáisis preliminar en edificios altos
Сохранить в:
| Главный автор: | |
|---|---|
| Формат: | Неизвестно |
| Опубликовано: |
[San José, Costa Rica]
1978
|
| Предметы: | |
| Метки: |
Добавить метку
Нет меток, Требуется 1-ая метка записи!
|
MARC
| LEADER | 00000 a2200000 4500 | ||
|---|---|---|---|
| 003 | 000750 | ||
| 005 | 20221231143735.0 | ||
| 008 | 140114s1978 cr m 000 ||s d | ||
| 040 | |c cru CEDI | ||
| 090 | |a TFG 797 | ||
| 100 | |a Antillo, Aldo |9 16314 | ||
| 245 | |a Anáisis preliminar en edificios altos | ||
| 260 | |c 1978 |a [San José, Costa Rica] | ||
| 300 | |a 42 hojas : cuadros ; 27 cm | ||
| 500 | |a Tesis (ingeniero civil)--Universidad de Costa Rica. | ||
| 650 | |x CONSTRUCCION |9 16315 | ||
| 942 | |c TFG | ||
| 999 | |c 11087 |d 11087 | ||
